Fundamentals of cost and management accounting (Record no. 63343)

MARC details
000 -LEADER
fixed length control field 00955nam a2200169 a 4500
008 - FIXED-LENGTH DATA ELEMENTS--GENERAL INFORMATION
fixed length control field 120416s1981 ||||||||||||||||| || u
050 ## - LIBRARY OF CONGRESS CALL NUMBER
Classification number HF 5686.C8 Mea
100 ## - MAIN ENTRY--PERSONAL NAME
Personal name Mearns, Ian
245 10 - TITLE STATEMENT
Title Fundamentals of cost and management accounting
260 ## - PUBLICATION, DISTRIBUTION, ETC.
Place of publication, distribution, etc. London
Name of publisher, distributor, etc. Longman
Date of publication, distribution, etc. 1981
300 ## - PHYSICAL DESCRIPTION
Extent vii, 319p. : ill.
350 ## -
-- 0.00
995 ## -
-- MAIN LIBRARY OPEN ACCESS
-- 0.00
-- 708589
-- CBU-MAIN LIBRARY (Kitwe)
-- 2
-- 4.95
-- HF 5686.C8 Mea
-- 2
-- LOST
-- 708589
-- Main Library Open Access Collection
995 ## -
-- TEXTBOOKS (SB)
-- 0.00
-- 1981
-- CBU-SCHOOL TEXTBOOK COLLECTIONS
-- 1
-- 0.00
-- SCHOOL TEXTBOOK
-- 3
-- AVAILABLE
-- Sep 18, 2009
-- 1981
-- School Collections
995 ## -
-- TEXTBOOKS (SB)
-- 0.00
-- 1733
-- CBU-SCHOOL TEXTBOOK COLLECTIONS
-- 1
-- 0.00
-- SCHOOL TEXTBOOK
-- 4
-- AVAILABLE
-- Sep 30, 2009
-- 1733
-- School Collections
995 ## -
-- MAIN LIBRARY OPEN ACCESS
-- 0.00
-- 718824
-- CBU-MAIN LIBRARY (Kitwe)
-- 1
-- 4.95
-- HF 5686.C8 Mea
-- 1
-- LOST
-- 718824
-- Main Library Open Access Collection
999 ## -
-- 63343
-- 63343
Holdings
Withdrawn status Lost status Source of classification or shelving scheme Damaged status Not for loan Permanent Location Current Location Shelving location Date acquired Total Checkouts Full call number Barcode Date last seen Price effective from Koha item type
          CBU-MAIN LIBRARY, KITWE. CBU-MAIN LIBRARY, KITWE.   12/24/2022   HF 5686.C8 Mea 708589 12/24/2022 12/24/2022 MONOGRAPH
          CBU-MAIN LIBRARY, KITWE. CBU-MAIN LIBRARY, KITWE.   12/24/2022   HF 5686.C8 Mea 718824 12/24/2022 12/24/2022 MONOGRAPH
          CBU-SCHOOL TEXT BOOK COLLECTION CBU-SCHOOL TEXT BOOK COLLECTION   12/24/2022   SCHOOL TEXTBOOK 1981 12/24/2022 12/24/2022 MONOGRAPH
          CBU-SCHOOL TEXT BOOK COLLECTION CBU-SCHOOL TEXT BOOK COLLECTION   12/24/2022   SCHOOL TEXTBOOK 1733 12/24/2022 12/24/2022 MONOGRAPH